LDR 00751naa#a2200193#i#450# 001 EN\\bibl\126639 005 20260705093144.7 011 ## _a2587-6740 100 ## _a20260615b2026####ek#y0engy0150####ca 102 ## _aRU 200 1# _aEnergy dependence of grain production as a factor of agricultural system resilience: a comparison between Russia and China _eJournal article 210 1# _aMoscow _cElectronic science _d2026 215 ## _a3 с. 608 ## _aJournal article _2local 675 ## _aПроизводство продукции и услуг по отраслям народного хозяйства. 338.4 _z 700 #1 _aSulimin _gVladimir Vlasovich 700 #1 _aShvedov _gVladislav Vital'evich 700 #1 _aSarsadskikh _gAnastasia Vadimovna 856 4# _aqje.su _u